00631cam a22001932a 4500001000900000003001100009008004300020020001800063100003800081245006200119260001200181260002500193260000900218300002800227440003300255500002700288700003100315650009100346 016609 AR-FADEU 311216n2001####xxu####################dd a987-9173-55-4 aGirbal-Blacha, Noemí M., coord. aEstado, sociedad y economía en la Argentina (1930-1997) aQuilmes bUniversidad Nacional c2001 a265 p. . cuad., gráf. acuadernos universitarios n3 aIncluye bibliografía aAdrián Gustavo, Zarrilli aESTADO-ARGENTINA-1930-1997; SOCIEDAD-ARGENTINA-1930-1997; ECONOMIA ARGENTINA-1930-1997